Cómo redactar textos científicos en Psicología y Educación: consejos para escritores noveles de tesis doctorales, tesis de máster y artículos de investigación

-д хадгалсан:
Номзүйн дэлгэрэнгүй
Үндсэн зохиолч: León, Orfelio G (Зохиогч)
Формат: Ном
Хэл сонгох:испани
Хэвлэсэн: La Coruña Netbiblo 2009
Хэвлэл:2a. ed
Нөхцлүүд:
Шошгууд: Шошго нэмэх
Шошго байхгүй, Энэхүү баримтыг шошголох эхний хүн болох!

MARC

LEADER 00000cam a2200000 a 4500
001 UCF2787
003 CL-VaPUC
008 120910e20090000SP |||||||||||||||||spa|d
020 |a 9788497454445 
082 0 4 |a 808.066  |b LEO  |2 21 
100 |a León, Orfelio G  |e author  |9 564596 
245 1 0 |a Cómo redactar textos científicos en Psicología y Educación: consejos para escritores noveles de tesis doctorales, tesis de máster y artículos de investigación 
250 |a 2a. ed 
300 |a 152 p 
942 |c BK 
945 |d 20120910 00:00:00  |a dcastane 
260 |a La Coruña  |b Netbiblo  |c 2009 
650 0 |a Investigación científica  |9 259857 
650 0 |a Métodos de investigación   |9 262618 
650 0 |a Redacción de textos  |9 446760 
650 0 |a Redacción técnica  |9 259855 
583 |a last modification  |c 20120910 11:39:00  |k Rodrigo Vera 
999 |c 349326  |d 349324 
952 |0 0  |1 0  |4 0  |6 808_066000000000000_LEO_2009  |7 0  |8 A  |9 451906  |a BIBEDU  |b BIBEDU  |d 2019-11-22  |i 4901010  |o 808.066 LEO 2009  |p 4901010  |r 2019-11-22  |w 2019-11-22  |y BK  |k PSI 
952 |0 0  |1 0  |4 0  |6 808_066000000000000_LEO_2009  |7 0  |8 A  |9 451907  |a BIBEDU  |b BIBEDU  |d 2019-11-22  |i 4901002  |o 808.066 LEO 2009  |p 4901002  |r 2019-11-22  |w 2019-11-22  |y BK  |k PSI